| 000 | 01566nam0a2200337 4500 | ||
|---|---|---|---|
| 001 | RU\NLR\bibl\1813210 | ||
| 005 | 20240726023402.0 | ||
| 020 |
_aRU _b10-3933 _9Летопись авторефератов диссертаций |
||
| 021 |
_aRU _b2011-245а _9010аа |
||
| 035 | _a(NLR Aleph) 001803807 | ||
| 090 |
_a1798326 _c1798326 |
||
| 100 | _a20110708d2010 u u0rusy50 ca | ||
| 101 | 0 | _arus | |
| 102 | _aRU | ||
| 105 | _ay dm ||||| | ||
| 200 | 1 |
_aСоставные именования в русском языке _e(ономасиологический и функциональный аспекты) _eавтореферат диссертации на соискание ученой степени кандидата филологических наук _eспециальность 10.02.01 <Русский язык> _fДрога Марина Анатольевна _g[Белгор. гос. ун-т] |
|
| 210 |
_aБелгород _d2010 |
||
| 215 |
_a22 с. _d21 |
||
| 320 | _aБиблиогр.: с. 20-22 (23 назв.) | ||
| 675 |
_a811.161.1 _v3 _zrus |
||
| 686 |
_a16.41 _2rugasnti |
||
| 686 |
_a81.2Рус _2rubbk |
||
| 686 |
_a10.02.01 _2oksvnk |
||
| 700 | 1 |
_aДрога _bМ. А. _gМарина Анатольевна _4070 |
|
| 801 | 0 |
_aRU _bRKP _c20110708 _gPSBO |
|
| 801 | 1 |
_aRU _bRKP _c20110708 |
|
| 801 | 2 |
_aRU _bNLR _c20110928 _grcr |
|
| 901 | _eАвторефераты | ||
| 942 | _cBOOK | ||
| 981 | 1 | 0 | _a(10) Авторефераты |